[Event "Foxwoods op 16th"]
[Site "Ledyard"]
[Date "2024.03.31"]
[Round "8"]
[White "Burke, John M"]
[Black "Batsuren, Dambasuren"]
[Result "1/2-1/2"]
[WhiteElo "2574"]
[BlackElo "2515"]
[PlyCount "58"]
[EventDate "2024.03.27"]
[EventType "swiss"]
[EventRounds "9"]
[EventCountry "USA"]
[SourceTitle "CB14_2024"]
[SourceDate "2024.04.01"]
[SourceVersion "1"]
[SourceVersionDate "2024.04.01"]
[SourceQuality "1"]

1. e4 e5 2. Nf3 Nc6 3. Bb5 a6 4. Ba4 Nge7 5. c3 Ng6 6. d4 exd4 7. cxd4 Bb4+ 8. Nc3 d5 9. exd5 Bxc3+ 10. bxc3 Qxd5 11. 0-0 0-0 12. Bb3 Qf5 13. c4 Na5 14. Bc2 Qh5 15. Qd3 Bg4 16. Bd1 Nh4 17. Nxh4 Bxd1 18. Rxd1 Qxh4 19. Bb2 Rfe8 20. Re1 b6 21. Rad1 Qf6 22. Ba1 Nb7 23. c5 bxc5 24. dxc5 Nxc5 25. Qg3 Qg6 26. Qxc7 Ne6 27. Qe5 Rad8 28. Rxd8 Rxd8 29. a4 h6 1/2-1/2

[Event "Foxwoods op 16th"]
[Site "Ledyard"]
[Date "2024.03.30"]
[Round "7"]
[White "Batsuren, Dambasuren"]
[Black "Hardaway, Brewington"]
[Result "1/2-1/2"]
[WhiteElo "2515"]
[BlackElo "2455"]
[PlyCount "53"]
[EventDate "2024.03.27"]
[EventType "swiss"]
[EventRounds "9"]
[EventCountry "USA"]
[SourceTitle "CB14_2024"]
[SourceDate "2024.04.01"]
[SourceVersion "1"]
[SourceVersionDate "2024.04.01"]
[SourceQuality "1"]

1. d4 d5 2. c4 e6 3. Nc3 Nf6 4. cxd5 exd5 5. Bg5 Be7 6. e3 h6 7. Bh4 0-0 8. Bd3 Re8 9. Qc2 c6 10. Nge2 Nbd7 11. 0-0 Ne4 12. Bxe7 Qxe7 13. Rae1 Ndf6 14. Nc1 Nxc3 15. Qxc3 Ne4 16. Qc2 Bd7 17. Nb3 b6 18. f3 Ng5 19. Qc3 Rac8 20. Bb1 c5 21. dxc5 bxc5 22. Qa5 Ne6 23. Rd1 Bc6 24. Rfe1 Qf6 25. Qd2 Red8 26. Rc1 Ba4 27. Qc3 1/2-1/2

[Event "Titled Tuesday intern op 12th Mar Late"]
[Site "Chess.com INT"]
[Date "2024.03.12"]
[Round "2"]
[White "Batsuren, Dambasuren"]
[Black "Banerjee, Supratit"]
[Result "0-1"]
[WhiteElo "2515"]
[BlackElo "2025"]
[PlyCount "68"]
[EventDate "2024.03.12"]
[EventType "swiss (blitz)"]
[EventRounds "11"]
[EventCountry "USA"]
[SourceTitle "CB12_2024"]
[SourceDate "2023.10.01"]
[SourceVersion "1"]
[SourceVersionDate "2023.10.01"]
[SourceQuality "1"]

1. c4 e6 2. g3 d5 3. Bg2 Nf6 4. Nf3 Be7 5. 0-0 0-0 6. d4 c6 7. Qc2 b6 8. Nbd2 Bb7 9. e4 Na6 10. a3 Rc8 11. Rd1 c5 12. exd5 exd5 13. dxc5 Nxc5 14. Nd4 dxc4 15. Bxb7 Nxb7 16. Nf5 Nd6 17. Nf3 Qc7 18. Bf4 Rfd8 19. N3d4 a6 20. Qa4 Bf8 21. Qxa6 Ra8 22. Bxd6 Bxd6 23. Qb5 Bc5 24. Qxc4 Qe5 25. Re1 Qd5 26. Qxd5 Rxd5 27. Rac1 g6 28. b4 gxf5 29. Nc6 Bd6 30. Re3 Kg7 31. Rce1 Rc8 32. Na7 Rc2 33. a4 Ne4 34. Nb5 Bxb4 0-1

[Event "Saint Louis Winter Blitz"]
[Site "Saint Louis"]
[Date "2023.12.20"]
[Round "11.4"]
[White "Batsuren, Dambasuren"]
[Black "Bruzon Batista, Lazaro"]
[Result "0-1"]
[WhiteElo "2523"]
[BlackElo "2594"]
[PlyCount "30"]
[EventDate "2023.12.20"]
[EventType "schev (blitz)"]
[EventRounds "12"]
[EventCountry "USA"]
[SourceTitle "CB52_2023"]
[SourceDate "2023.12.27"]
[SourceVersion "1"]
[SourceVersionDate "2023.12.27"]
[SourceQuality "1"]
[WhiteTeam "Team B"]
[BlackTeam "Team A"]
[WhiteTeamCountry "USA"]
[BlackTeamCountry "USA"]

1. d4 Nf6 2. c4 e6 3. Nc3 Bb4 4. f3 d5 5. a3 Bxc3+ 6. bxc3 c5 7. cxd5 Nxd5 8. dxc5 Qa5 9. e4 Nf6 10. Be3 0-0 11. Qb3 Nfd7 12. Nh3 Qc7 13. Qc4 Na6 14. c6 Ne5 15. Qa4 Nxc6 0-1

[Event "Saint Louis Winter Blitz"]
[Site "Saint Louis"]
[Date "2023.12.20"]
[Round "5.2"]
[White "Batsuren, Dambasuren"]
[Black "Gledura, Benjamin"]
[Result "0-1"]
[WhiteElo "2523"]
[BlackElo "2633"]
[PlyCount "56"]
[EventDate "2023.12.20"]
[EventType "schev (blitz)"]
[EventRounds "12"]
[EventCountry "USA"]
[SourceTitle "CB52_2023"]
[SourceDate "2023.12.27"]
[SourceVersion "1"]
[SourceVersionDate "2023.12.27"]
[SourceQuality "1"]
[WhiteTeam "Team B"]
[BlackTeam "Team A"]
[WhiteTeamCountry "USA"]
[BlackTeamCountry "USA"]

1. d4 Nf6 2. c4 e6 3. Nf3 d5 4. g3 dxc4 5. Bg2 Bb4+ 6. Nbd2 b5 7. a4 c6 8. 0-0 0-0 9. Qc2 Bb7 10. b3 c5 11. axb5 c3 12. Nc4 cxd4 13. Rd1 Be4 14. Qa2 Bc5 15. Ba3 Qc7 16. Bxc5 Qxc5 17. Nxd4 Bxg2 18. Kxg2 e5 19. Nf3 Nbd7 20. Qa6 c2 21. Rdc1 e4 22. Ne1 Ng4 23. e3 Nde5 24. Rxc2 Nf3 25. Nxf3 exf3+ 26. Kg1 Qh5 27. h4 Qf5 28. Rc3 Ne5 0-1

[Event "Saint Louis Winter"]
[Site "Saint Louis"]
[Date "2023.12.17"]
[Round "3.2"]
[White "Batsuren, Dambasuren"]
[Black "Gledura, Benjamin"]
[Result "1/2-1/2"]
[WhiteElo "2523"]
[BlackElo "2633"]
[PlyCount "84"]
[EventDate "2023.12.16"]
[EventType "schev"]
[EventRounds "6"]
[EventCountry "USA"]
[SourceTitle "CB52_2023"]
[SourceDate "2023.12.27"]
[SourceVersion "1"]
[SourceVersionDate "2023.12.27"]
[SourceQuality "1"]
[WhiteTeam "Team B"]
[BlackTeam "Team A"]
[WhiteTeamCountry "USA"]
[BlackTeamCountry "USA"]

1. d4 d5 2. c4 c6 3. Nf3 Nf6 4. e3 Bg4 5. h3 Bh5 6. Nc3 e6 7. g4 Bg6 8. Ne5 Nbd7 9. Nxg6 hxg6 10. g5 Ne4 11. Nxe4 dxe4 12. Qb3 Qb6 13. c5 Qxb3 14. axb3 a6 15. h4 f5 16. b4 Rd8 17. Bd2 Be7 18. Bg2 Kf7 19. f3 exf3 20. Bxf3 e5 21. 0-0-0 Nf8 22. Be2 exd4 23. Bc4+ Ke8 24. Rde1 d3 25. Bc3 a5 26. bxa5 Bxc5 27. Kd2 Rh7 28. Bxd3 Ne6 29. Kc2 Ke7 30. b4 Ba7 31. h5 Rxh5 32. Rxh5 gxh5 33. Bxf5 Rd5 34. e4 Nd4+ 35. Kd3 Rd8 36. Kc4 Nc2 37. Bxg7 Nxe1 38. Bf6+ Ke8 39. Bg6+ Kd7 40. Bf5+ Ke8 41. Bg6+ Kd7 42. Bf5+ Ke8 1/2-1/2

[Event "Saint Louis Winter"]
[Site "Saint Louis"]
[Date "2023.12.17"]
[Round "4.6"]
[White "Stearman, Josiah P"]
[Black "Batsuren, Dambasuren"]
[Result "0-1"]
[WhiteElo "2479"]
[BlackElo "2523"]
[PlyCount "58"]
[EventDate "2023.12.16"]
[EventType "schev"]
[EventRounds "6"]
[EventCountry "USA"]
[SourceTitle "CB52_2023"]
[SourceDate "2023.12.27"]
[SourceVersion "1"]
[SourceVersionDate "2023.12.27"]
[SourceQuality "1"]
[WhiteTeam "Team A"]
[BlackTeam "Team B"]
[WhiteTeamCountry "USA"]
[BlackTeamCountry "USA"]

1. e4 e5 2. Nf3 Nc6 3. Bb5 a6 4. Ba4 Nf6 5. 0-0 Be7 6. d3 b5 7. Bb3 d6 8. a3 0-0 9. Nc3 Bb7 10. Re1 Na5 11. Ba2 c5 12. Ne2 Re8 13. Ng3 Bf8 14. c3 c4 15. Bg5 h6 16. Bxf6 Qxf6 17. dxc4 Nxc4 18. Qe2 d5 19. Rad1 Rad8 20. exd5 Bxd5 21. Nd2 Qc6 22. Nxc4 bxc4 23. f3 Be6 24. Bb1 Rxd1 25. Rxd1 Rb8 26. Kh1 Qb5 27. Bc2 Qxb2 28. Qe4 g6 29. Rb1 Qxa3 0-1

[Event "Titled Tuesday intern op 24th Oct Late"]
[Site "Chess.com INT"]
[Date "2023.10.24"]
[Round "1"]
[White "Batsuren, Dambasuren"]
[Black "Reprintsev, Alexander"]
[Result "1-0"]
[WhiteElo "2524"]
[BlackElo "2227"]
[PlyCount "83"]
[EventDate "2023.10.24"]
[EventType "swiss (blitz)"]
[EventRounds "11"]
[EventCountry "USA"]
[SourceTitle "Mega2024 Update 01"]
[Source "Chessbase"]
[SourceDate "2023.11.12"]
[SourceVersion "1"]
[SourceVersionDate "2023.11.12"]
[SourceQuality "1"]

1. d4 d5 2. c4 e5 3. dxe5 d4 4. Nf3 Nc6 5. a3 g6 6. g3 Bg7 7. Bg2 Nxe5 8. Nxd4 c5 9. Nb5 Qxd1+ 10. Kxd1 Kf8 11. Be3 Nxc4 12. Bxc5+ Ne7 13. Nc7 Nxb2+ 14. Ke1 Na4 15. Bb4 Bxa1 16. Nxa8 Bf6 17. Nc7 Kg7 18. e3 Nc6 19. Bd2 Bf5 20. Ke2 Rd8 21. Nd5 Bg4+ 22. f3 Rxd5 23. fxg4 Rb5 24. Rc1 Ne5 25. h3 Rb2 26. Bd5 Nb6 27. e4 Nxd5 28. exd5 Rb6 29. Nc3 a6 30. Ne4 Bd8 31. Bc3 f6 32. g5 Nd7 33. Rf1 h6 34. gxf6+ Nxf6 35. d6 Rb3 36. Bxf6+ Bxf6 37. Rxf6 Rxa3 38. d7 Ra2+ 39. Ke3 Ra3+ 40. Ke2 Ra2+ 41. Nd2 Kxf6 42. d8Q+ 1-0

[Event "Saint Louis Summer-B"]
[Site "Saint Louis"]
[Date "2023.08.08"]
[Round "7"]
[White "Batsuren, Dambasuren"]
[Black "Mikaelyan, Arman"]
[Result "1-0"]
[WhiteElo "2519"]
[BlackElo "2521"]
[PlyCount "163"]
[EventDate "2023.08.02"]
[EventType "tourn"]
[EventRounds "9"]
[EventCountry "USA"]
[EventCategory "11"]
[SourceTitle "CBM 215 Extra"]
[Source "ChessBase"]
[SourceDate "2023.09.30"]
[SourceVersion "1"]
[SourceVersionDate "2023.09.30"]
[SourceQuality "1"]

1. d4 d5 2. c4 c6 3. Nf3 Nf6 4. e3 e6 5. b3 Nbd7 6. Bb2 b6 7. Bd3 Bb7 8. 0-0 Bd6 9. Nbd2 0-0 10. Qc2 h6 11. Ne5 c5 12. Rae1 Rc8 13. f4 b5 14. Qb1 cxd4 15. Bxd4 dxc4 16. bxc4 b4 17. Nxd7 Nxd7 18. Bh7+ Kh8 19. Be4 Ba6 20. Qb2 f6 21. Bb1 Bc5 22. Rc1 Qe7 23. Qc2 f5 24. Qa4 Bxd4 25. exd4 Qd6 26. Rf2 Nb8 27. Nf3 Qxf4 28. Re1 Rxc4 29. Nd2 Qxd4 30. Nxc4 Qxc4 31. Qb3 Nc6 32. Qe3 Nd4 33. Rd2 Rd8 34. Bd3 Nf3+ 35. Qxf3 Rxd3 36. Rxd3 Qxd3 37. Qxd3 Bxd3 38. Rxe6 Bc4 39. Re8+ Kh7 40. Rb8 a5 41. Ra8 Bxa2 42. Rxa5 Be6 43. Re5 Bc4 44. Rxf5 Bd3 45. Rf4 b3 46. Rb4 Bc2 47. Rb6 h5 48. Kf2 g6 49. Ke3 Kg7 50. Kf4 Kf7 51. Ke5 Ke7 52. Rb7+ Kd8 53. Kd6 Ke8 54. g3 g5 55. Ke5 Kd8 56. Kd4 h4 57. Kc3 hxg3 58. hxg3 Ke8 59. Rg7 Kf8 60. Rxg5 Kf7 61. Rb5 Kf6 62. Kd4 Ke6 63. Ke3 Kd6 64. Kd4 Ke6 65. g4 Kf6 66. Ke3 Ke6 67. Kf4 Kd6 68. g5 Kc6 69. Rb8 Kc7 70. Rb4 Kd6 71. Ke3 Ke6 72. Rb6+ Kf7 73. Kf4 Kg7 74. Rb4 Kg6 75. Rb7 Bd1 76. Rb6+ Kg7 77. g6 Kh6 78. Kf5 Bc2+ 79. Kf6 Bxg6 80. Rxb3 Kh5 81. Rb5+ Kh6 82. Rb2 1-0

[Event "Saint Louis Summer-B"]
[Site "Saint Louis"]
[Date "2023.08.02"]
[Round "1"]
[White "Batsuren, Dambasuren"]
[Black "Moradiabadi, Elshan"]
[Result "1/2-1/2"]
[WhiteElo "2519"]
[BlackElo "2524"]
[PlyCount "80"]
[EventDate "2023.08.02"]
[EventType "tourn"]
[EventRounds "9"]
[EventCountry "USA"]
[EventCategory "11"]
[SourceTitle "CBM 215 Extra"]
[Source "ChessBase"]
[SourceDate "2023.09.30"]
[SourceVersion "1"]
[SourceVersionDate "2023.09.30"]
[SourceQuality "1"]

1. d4 Nf6 2. c4 e6 3. g3 d5 4. Nf3 Bb4+ 5. Bd2 Be7 6. Bg2 0-0 7. 0-0 Nbd7 8. Qc2 c6 9. Rc1 a5 10. b3 b5 11. cxb5 cxb5 12. Nc3 Ba6 13. a4 b4 14. Nb5 Rc8 15. Qa2 Qb6 16. e3 Ne4 17. Be1 Nd6 18. Nxd6 Bxd6 19. Qb2 h6 20. Bf1 Bxf1 21. Kxf1 Nf6 22. Qe2 Ne4 23. Qd3 Rc7 24. Ng1 Rfc8 25. Ne2 f5 26. Rxc7 Rxc7 27. Qb5 Rc6 28. Qxb6 Rxb6 29. Rc1 Kf7 30. f3 Ng5 31. Kf2 Ke7 32. Rc8 Rb8 33. Rc6 Ra8 34. Nc1 Kd7 35. Rc2 Rc8 36. Rxc8 Kxc8 37. Nd3 Kd7 38. Ke2 Nf7 39. h4 h5 40. Bf2 Kc6 1/2-1/2

[Event "Asia zt 3.3"]
[Site "Jakarta"]
[Date "2023.05.11"]
[Round "8"]
[White "Setyaki, Azarya Jodi"]
[Black "Batsuren, Dambasuren"]
[Result "1/2-1/2"]
[WhiteElo "2414"]
[BlackElo "2525"]
[PlyCount "44"]
[EventDate "2023.05.06"]
[EventType "swiss"]
[EventRounds "9"]
[EventCountry "INA"]
[SourceTitle "CBM 214 Extra"]
[Source "ChessBase"]
[SourceDate "2023.07.31"]
[SourceVersion "1"]
[SourceVersionDate "2023.07.31"]
[SourceQuality "1"]

1. e4 e5 2. Nf3 Nc6 3. Bb5 a6 4. Ba4 Nf6 5. 0-0 Be7 6. Re1 b5 7. Bb3 d6 8. c3 0-0 9. h3 Nd7 10. d4 a5 11. a3 a4 12. Bc2 Re8 13. Nbd2 Nf8 14. Nf1 h6 15. Ng3 Na5 16. Nh2 Nc4 17. Rb1 Nh7 18. Ng4 Nf6 19. Nh2 Nh7 20. Ng4 Nf6 21. Nh2 Nh7 22. Ng4 Nf6 1/2-1/2

[Event "Asia zt 3.3"]
[Site "Jakarta"]
[Date "2023.05.10"]
[Round "7"]
[White "Batsuren, Dambasuren"]
[Black "Amilal, Munkhdalai"]
[Result "1-0"]
[WhiteElo "2525"]
[BlackElo "2141"]
[PlyCount "119"]
[EventDate "2023.05.06"]
[EventType "swiss"]
[EventRounds "9"]
[EventCountry "INA"]
[SourceTitle "CBM 214 Extra"]
[Source "ChessBase"]
[SourceDate "2023.07.31"]
[SourceVersion "1"]
[SourceVersionDate "2023.07.31"]
[SourceQuality "1"]

1. d4 Nf6 2. c4 e6 3. g3 d5 4. Nf3 dxc4 5. Bg2 a6 6. 0-0 Nc6 7. e3 Bd7 8. Qe2 b5 9. b3 cxb3 10. axb3 Bd6 11. Bd2 0-0 12. Rc1 Ra7 13. Ne1 Ne7 14. Nd3 Ng6 15. f4 Qb8 16. Nb4 Rc8 17. Nc6 Bxc6 18. Rxc6 a5 19. Rxa5 Rxa5 20. Bxa5 Ne7 21. Ra6 c6 22. Be1 Qb7 23. Ra1 Nfd5 24. e4 Nb6 25. Nd2 Ra8 26. Rxa8+ Qxa8 27. Nf3 Qa3 28. Qc2 Bb4 29. Bf2 Qa1+ 30. Bf1 Nd7 31. Kg2 Bc3 32. Bd3 g6 33. g4 Nf6 34. h3 Kg7 35. Qb1 Qa3 36. Ng1 Ba5 37. d5 cxd5 38. Bd4 Nc6 39. Bb2 Qc5 40. g5 Bc3 41. gxf6+ Kxf6 42. Bxc3+ Qxc3 43. Ne2 Qc5 44. exd5 Qxd5+ 45. Be4 Qc5 46. Qa1+ Ke7 47. Bxc6 Qxc6+ 48. Kf2 h5 49. b4 Kf8 50. Qh8+ Ke7 51. Qc3 Qb7 52. Qc5+ Kf6 53. Nd4 Qh1 54. Nf3 Qxh3 55. Qxb5 Qh1 56. Qe5+ Ke7 57. b5 h4 58. Qc5+ Ke8 59. b6 Qb1 60. Nxh4 1-0

[Event "Saint Louis Spring-B"]
[Site "Saint Louis"]
[Date "2023.04.13"]
[Round "9"]
[White "Batsuren, Dambasuren"]
[Black "Blohberger, Felix"]
[Result "1/2-1/2"]
[WhiteElo "2525"]
[BlackElo "2501"]
[PlyCount "80"]
[EventDate "2023.04.05"]
[EventType "tourn"]
[EventRounds "9"]
[EventCountry "USA"]
[EventCategory "11"]
[SourceTitle "CBM 213 Extra"]
[Source "ChessBase"]
[SourceDate "2023.05.31"]
[SourceVersion "1"]
[SourceVersionDate "2023.05.31"]
[SourceQuality "1"]

1. d4 Nf6 2. c4 e6 3. Nc3 Bb4 4. e3 0-0 5. Bd2 c5 6. a3 Bxc3 7. Bxc3 Ne4 8. Ne2 b6 9. f3 Nxc3 10. Nxc3 d6 11. Be2 Nc6 12. d5 Ne7 13. Qd2 exd5 14. cxd5 Nf5 15. 0-0 Re8 16. Bd3 Nxe3 17. Rfe1 Nf5 18. Qf4 Nd4 19. Ne4 Bf5 20. Nxd6 Qc7 21. Rxe8+ Rxe8 22. Qg3 Re3 23. Qg5 Rxd3 24. Nxf5 Nxf5 25. Qxf5 Re3 26. Rd1 Qe5 27. Qc8+ Qe8 28. Qxe8+ Rxe8 29. b4 cxb4 30. axb4 a5 31. bxa5 bxa5 32. d6 Kf8 33. d7 Rd8 34. Rd5 Ke7 35. Rxa5 Rxd7 36. h4 g6 37. h5 Rd4 38. Kf2 Rh4 39. Kg3 Rh1 40. hxg6 hxg6 1/2-1/2